000 01089cai a22001935a 4500
001 L140077
008 070904u xxk g 000 0 eng d
035 _a(Sirsi) u140077
041 0 _aeng
110 2 _aProperty Litigation Association
_94147
240 _aPLA
_h[electronic resource]
245 _aProperty Litigation Association
520 _aThe PLA is a members' organisation for legal professionals specialising in all aspects of commercial, residential and agricultural property litigation. This includes the resolution of contentious property matters (including professional negligence claims relating to property transactions and advice) by means of litigation and other forms of dispute resolution. The definition excludes matters relating to planning and construction.
610 2 4 _aProperty Litigation Association
_94147
651 4 _aUnited Kingdom
_y1973-
690 _aMANAGEMENT-DISPUTE AVOIDANCE, MANAGEMENT AND RESOLUTION-DISPUTE MANAGEMENT AND RESOLUTION
856 4 0 _uhttps://www.pla.org.uk/
_zView this website free of charge at www.pla.org.uk...
942 _n0
_2ddc
999 _c120622
_d120622